000
00299nam a22001337a 4500
008
171101b xxu||||| |||| 00| 0 eng d
020
_a
9780393974195
041
_a
eng
080
_a
339
100
_a
59
101
_a
TRE
245
_a
STATE POWER AND WORLD MARKETS
_c
GRIECO,J.M
942
_2
udc
_c
BK
999
_c
37039
_d
37039